[Event "Oberliga Nord N 0405"]
[Site "Germany"]
[Date "2005.03.13"]
[Round "8.2"]
[White "Hein, Andreas"]
[Black "Fischer, Istvan"]
[Result "1-0"]
[WhiteElo "2223"]
[BlackElo "2390"]
[PlyCount "83"]
[EventDate "2004.10.24"]
[EventType "team-tourn"]
[EventRounds "9"]
[EventCountry "GER"]
[SourceTitle "EXT 2006"]
[Source "ChessBase"]
[SourceDate "2005.11.24"]
[SourceVersion "1"]
[SourceVersionDate "2005.11.24"]
[SourceQuality "1"]
[WhiteTeam "Luebeck II"]
[BlackTeam "Grosshansdorf"]
[WhiteTeamCountry "GER"]
[BlackTeamCountry "GER"]

1. c4 e6 2. g3 d5 3. Bg2 c6 4. Nf3 Bd6 5. d3 Nf6 6. Nbd2 0-0 7. 0-0 Na6 8. a3 Re8 9. b4 e5 10. cxd5 cxd5 11. e4 Be6 12. exd5 Bxd5 13. Bb2 Nd7 14. Nc4 Bb8 15. Re1 f6 16. Ne3 Be6 17. Nh4 Qb6 18. Qf3 Bc7 19. Qxb7 Rab8 20. Qf3 Qb5 21. Bf1 Qa4 22. Qd1 Qxd1 23. Raxd1 Nac5 24. d4 Na4 25. Ba1 a5 26. d5 Bf7 27. Rc1 Bb6 28. Nhf5 Bxe3 29. Nxe3 axb4 30. axb4 Rxb4 31. Rc7 Ndb6 32. Rd1 Rd8 33. d6 Bh5 34. g4 Bxg4 35. Nxg4 Rxg4+ 36. Kh1 Kf8 37. Bh3 Rf4 38. Be6 Rxf2 39. Rf7+ Ke8 40. Rxg7 Nd7 41. Re7+ Kf8 42. Rg1 1-0

[Event "Oberliga Nord N 0405"]
[Site "Germany"]
[Date "2005.02.13"]
[Round "7.2"]
[White "Bekker Jensen, David"]
[Black "Hein, Andreas"]
[Result "0-1"]
[WhiteElo "2296"]
[BlackElo "2223"]
[PlyCount "98"]
[EventDate "2004.10.24"]
[EventType "team-tourn"]
[EventRounds "9"]
[EventCountry "GER"]
[SourceTitle "EXT 2006"]
[Source "ChessBase"]
[SourceDate "2005.11.24"]
[SourceVersion "1"]
[SourceVersionDate "2005.11.24"]
[SourceQuality "1"]
[WhiteTeam "Norderstedt"]
[BlackTeam "Luebeck II"]
[WhiteTeamCountry "GER"]
[BlackTeamCountry "GER"]

1. d4 Nf6 2. c4 e6 3. Nc3 Bb4 4. e3 c5 5. Nge2 cxd4 6. exd4 d5 7. a3 Be7 8. Nf4 0-0 9. cxd5 Nxd5 10. Ncxd5 exd5 11. Bd3 Nc6 12. 0-0 Bf6 13. Be3 g6 14. Rc1 Qd6 15. Rc5 Be6 16. Nxe6 fxe6 17. Qg4 Bg7 18. Rfc1 Rad8 19. h4 e5 20. Rxd5 Qxd5 21. Bc4 Qxc4 22. Rxc4 exd4 23. Bd2 Rde8 24. Rc5 Ne5 25. Qg3 Rf7 26. Qb3 Nc6 27. Qc4 Ref8 28. Bf4 d3 29. Be3 Bxb2 30. Qxd3 Rd8 31. Qb3 Bg7 32. h5 Nd4 33. Qc4 b5 34. Qa2 Nf5 35. Bf4 Kf8 36. Rxb5 gxh5 37. Qe6 Nd4 38. Qxf7+ Kxf7 39. Rb7+ Kg6 40. Be3 a5 41. Rb6+ Bf6 42. Ra6 Ne2+ 43. Kh2 Rd5 44. f3 Nc3 45. g4 hxg4 46. fxg4 Ne4 47. Ra8 Be5+ 48. Kg2 Bc7 49. Ra7 Bd8 0-1

[Event "Oberliga Nord N 0405"]
[Site "Germany"]
[Date "2005.01.30"]
[Round "6.3"]
[White "Wobbe, Sven"]
[Black "Hein, Andreas"]
[Result "0-1"]
[WhiteElo "2184"]
[BlackElo "2223"]
[PlyCount "108"]
[EventDate "2004.10.24"]
[EventType "team-tourn"]
[EventRounds "9"]
[EventCountry "GER"]
[SourceTitle "EXT 2006"]
[Source "ChessBase"]
[SourceDate "2005.11.24"]
[SourceVersion "1"]
[SourceVersionDate "2005.11.24"]
[SourceQuality "1"]
[WhiteTeam "Glinde"]
[BlackTeam "Luebeck II"]
[WhiteTeamCountry "GER"]
[BlackTeamCountry "GER"]

1. e4 c6 2. Nc3 d5 3. Nf3 dxe4 4. Nxe4 Nf6 5. Ng3 Bg4 6. Be2 Nbd7 7. d4 e6 8. h3 Bxf3 9. Bxf3 Bd6 10. 0-0 Qc7 11. Ne4 Nxe4 12. Bxe4 0-0-0 13. c4 Nf6 14. Bf3 Bc5 15. Be3 e5 16. d5 Bxe3 17. fxe3 Qb6 18. Qd3 Kb8 19. Kh1 e4 20. Bxe4 Rhe8 21. Bf3 Rxe3 22. Qd2 cxd5 23. cxd5 Rde8 24. Rfe1 Ne4 25. Rxe3 Nxd2 26. Rxe8+ Kc7 27. Rd1 Kd7 28. Re2 Nxf3 29. gxf3 Qf6 30. Kg2 Kd6 31. b3 h5 32. Kf2 Qf5 33. h4 Qf4 34. Re4 Qh2+ 35. Ke3 Qxa2 36. Rd3 Qa1 37. Ra4 Qe1+ 38. Kd4 Qe5+ 39. Kc4 a6 40. Ra2 Qf4+ 41. Kc3 Qxh4 42. Re2 Qf6+ 43. Kc2 h4 44. Re8 g5 45. Rb8 Kc7 46. Re8 Kd7 47. Rb8 h3 48. d6 h2 49. Rxb7+ Kc6 50. Rc7+ Kb6 51. Rc8 h1Q 52. d7 Qg2+ 53. Rd2 Qf5+ 54. Kc3 Qxd2+ 0-1

[Event "Schleswig Holstein-ch Meisterklasse"]
[Site "Schoenberg"]
[Date "2005.??.??"]
[Round "6"]
[White "Boehm, Thomas1111"]
[Black "Hein, Andreas"]
[Result "0-1"]
[WhiteElo "2205"]
[BlackElo "2247"]
[PlyCount "106"]
[EventDate "2005.10.??"]
[EventType "swiss"]
[EventRounds "9"]
[EventCountry "GER"]
[SourceTitle "EXT 2022"]
[Source "ChessBase"]
[SourceDate "2021.10.06"]
[SourceVersion "1"]
[SourceVersionDate "2021.10.06"]
[SourceQuality "1"]

1. e4 c6 2. d4 d5 3. Nc3 dxe4 4. Nxe4 Nf6 5. Nxf6+ gxf6 6. c3 Bf5 7. Nf3 e6 8. g3 Nd7 9. Bg2 Qb6 10. 0-0 0-0-0 11. Re1 Bg4 12. Qc2 Bd6 13. Be3 Qc7 14. c4 c5 15. dxc5 Bxc5 16. b4 Bxe3 17. Rxe3 Bxf3 18. Rxf3 Nb6 19. Rc3 Rd4 20. a4 Rhd8 21. a5 Nd7 22. c5 Ne5 23. b5 Rd2 24. Qb3 Qd7 25. Rcc1 Qd4 26. Rf1 Rxf2 27. Rxf2 Qxa1+ 28. Rf1 Qd4+ 29. Kh1 Qxc5 30. Qb2 Rd4 31. Qf2 f5 32. a6 b6 33. Qe3 Ng4 34. Qf3 Re4 35. h3 Ne3 36. Rf2 Qxb5 37. Qh5 Nxg2 38. Qxf7 Ne3 39. Qb7+ Kd8 40. Rd2+ Nd5 41. Qb8+ Ke7 42. Qxa7+ Kf6 43. Qa8 Qf1+ 44. Kh2 Re2+ 45. Rxe2 Qxe2+ 46. Kh1 Qd1+ 47. Kh2 Ke5 48. a7 Ke4 49. Qe8 Qe2+ 50. Kg1 Qe1+ 51. Kh2 Qf2+ 52. Kh1 Qf1+ 53. Kh2 Kf3 0-1

[Event "Schleswig Holstein-ch Meisterklasse"]
[Site "Schoenberg"]
[Date "2005.??.??"]
[Round "4"]
[White "Hein, Andreas"]
[Black "Marxen, Peter"]
[Result "1/2-1/2"]
[WhiteElo "2247"]
[BlackElo "2165"]
[PlyCount "71"]
[EventDate "2005.10.??"]
[EventType "swiss"]
[EventRounds "9"]
[EventCountry "GER"]
[SourceTitle "EXT 2022"]
[Source "ChessBase"]
[SourceDate "2021.10.06"]
[SourceVersion "1"]
[SourceVersionDate "2021.10.06"]
[SourceQuality "1"]

1. d4 d5 2. Nf3 Nf6 3. e3 g6 4. Bd3 Bg7 5. Nbd2 0-0 6. 0-0 Nc6 7. h3 Nb4 8. Be2 Bf5 9. Ne1 Qd6 10. g4 Bd7 11. a3 Nc6 12. c4 e5 13. cxd5 Nxd5 14. Nc4 Qe6 15. e4 Nf4 16. Bxf4 exf4 17. d5 Qxe4 18. dxc6 Bxc6 19. f3 Qe7 20. Ng2 Bb5 21. Qc2 Rfe8 22. Bd3 Rad8 23. Rac1 Bd4+ 24. Kh1 Qg5 25. Rce1 Qh6 26. Kh2 Rxe1 27. Rxe1 Qg5 28. Be4 Qc5 29. b3 Bf2 30. Rd1 Bg3+ 31. Kh1 Rxd1+ 32. Qxd1 c6 33. Qd8+ Kg7 34. g5 Bxc4 35. bxc4 Qxc4 36. Qf6+ 1/2-1/2